Регионална библиотека "Любен Каравелов" - Русе

Голяма енциклопедия на цветята (Запис номер 131746)

MARC детайли
000 -Лидер
Контролно поле с фиксирана дължина 01684nam a2200397 c 4500
003 - Код на организацията, давaща контролен номер
Контролно поле BLK
005 - Дата и час на последна редакция
Контролно поле 20250118125516.0
008 - Елементи от данни с фиксирана дължина
fixed length control field 180409b bul|||||r ||||||| ||bul||
010 ## - Наследен системен номер
LC control number KNG00137581000
020 ## - Международен стандартен номер на книга ISBN
Международен стандартен номер на книга ISBN 978-954-340-189-5
-- издат.: Ню Медиа Груп - на том(т. 4)
040 ## - Източник на каталожния запис
Идентификатор на билиотеката - собственик на записа BLK
041 ## - Код за език
Код за езика на текст/звукозапис или на отделно заглавие Български
Код за езика КДБФ Български
072 #7 - Код за тематичната категория
Код организация bullib
Код за тематична категория Н63
Текст Селско стопанство Н
080 ## - УДК
Текстов определител УДК Декоративни растения. Декоративно градинарство
УДК код - определител по УДК 635.9
УДК определител (031)
УДК - код + определител 635.9(031)
080 ## - УДК
Текстов определител УДК Фуражни треви. Ливадни треви
УДК код - определител по УДК 633.2
УДК определител (031)
УДК - код + определител 633.2(031)
139 ## - Редно поле
Редна дума Голяма енциклопедия на цветята
Авторски знак Гол - Г 63
245 10 - Сведения за заглавието
Заглавие Голяма енциклопедия на цветята
Подзаглавни данни Т. 1 -
Редно поле (дума) състав. и ред. Петя Миланова.
Том Т. 4
Заглавие на том Леани и треви
257 ## - Страна на издаване
Страна на създаване/издаване България
260 ## - Област на издателските данни
-- София
Година на издаване 2011 -
Печатница София : Мултипринт
300 ## - Физическа характеристика
Размери/Мащаб 20 см
380 ## - Жанр
Жанр Селско стопанство
650 #7 - Допълнително описание по предмет – тема
Основно описание – тема или топоним Декоративни растения
Източник на редна или ключова дума
9 (RLIN) 152943
650 #4 - Допълнително описание по предмет – тема
Основно описание – тема или топоним Треви - отделни видове
9 (RLIN) 322872
653 ## - Ключова дума – ненормативна
Ключова дума лиани
653 ## - Ключова дума – ненормативна
Ключова дума декоративни треви
653 ## - Ключова дума – ненормативна
Ключова дума енциклопедии
659 ## - Тематичен бюлетин
Тематичен бюлетин Н
700 1# - Други автори (авторска отговорност)
Лично име Миланова, Петя
Автороска отговорност (Описва отношението между автора и произведението) състав. и ред.
9 (RLIN) 322871
760 1# - Описание на основната серия
-- - на том(т. 4)
Място на издаване, издател и година Ню Медиа Груп, 2011
Страници - том 112 с. : с цв. ил.
Заглавие Т. 4 Леани и треви
852 ## - Местоположение
Форматна сигнатура Цб 257554
856 4# - Електронен адрес и достъп
Електронен формат pdf - файл
Път до файла /url/
856 4# - Електронен адрес и достъп
Електронен формат pdf - файл
Път до файла /url/
942 ## - АРТИКУЛИ
Вид на библиотечния материал Книги
Скрит в OPAC Не
Koha issues (borrowed), all copies 1
944 ## - СЪЗДАВАНЕ И РЕДАКЦИЯ на ЗАПИСА
Създаване/Редакция Създаване
Дата на регистрацията/редакция 16.05.2012
Служител, извършил регистрацията/редакцията 30576
Статус, дата на статуса Цветомила Тодорова
944 ## - СЪЗДАВАНЕ И РЕДАКЦИЯ на ЗАПИСА
Създаване/Редакция Редакция
Дата на регистрацията/редакция 23.04.2013
Служител, извършил регистрацията/редакцията
999 ## - СИСТЕМНИ КОНТРОЛНИ НОМЕРА
Koha biblionumber 131746
Koha biblioitemnumber 131746
Наличности
Код за отписване Код за изгубен артикул Код за повреда Коз за рестрикции Код за отдаване Артикулен № Име на библиотеката - собственик Име на библиотеката, в която се намира в момента Статус (Текущо местоположение) Дата на вписване в системата Местоположение - отдел Цена в лева Инвентарен номер Систематично азбучна сигнатура Баркод Номер на екземпляра Цена в евро Служебна бележка Служебен тип на артикула Източник на класификационната схема
  Не е изгубен Не е повреден без рестрикции ползва се в читалня 214986 Регионална библиотека "Любен Каравелов" Русе Регионална библиотека "Любен Каравелов" Русе Хранилище 2013-01-03 Хранилище 6.00 120000762651 Цб 257554 120000762651 1 3.07 Дост: Dp Вид: Д N: 36 Дата: 05.09.2011 Книги  
  Не е изгубен Не е повреден без рестрикции заемане за дома 926851 Регионална библиотека "Любен Каравелов" Русе Регионална библиотека "Любен Каравелов" Русе Заемна - подръчен фонд 2023-04-06 Заемна - подръчен фонд 19.00 120000886044 635.9/Г 63 120000886044   9.71   Книги Universal Decimal Classification
Vip Innovations Ltd, Rousse, Bulgaria 2025